[Event "USA tt"]
[Site "ICC INT"]
[Date "2013.09.25"]
[Round "5"]
[White "Stripunsky, Alexander"]
[Black "Izoria, Zviad"]
[Result "1/2-1/2"]
[WhiteElo "2551"]
[BlackElo "2562"]
[PlyCount "120"]
[EventDate "2013.08.27"]
[EventType "team-tourn"]
[EventRounds "10"]
[EventCountry "USA"]
[SourceTitle "CBM 156 Extra"]
[Source "ChessBase"]
[SourceDate "2013.10.22"]
[SourceVersion "1"]
[SourceVersionDate "2013.10.22"]
[SourceQuality "1"]
[WhiteTeam "New Jersey"]
[BlackTeam "Manhattan"]
[WhiteTeamCountry "USA"]
[BlackTeamCountry "USA"]

1. Nf3 d6 2. c4 g6 3. g3 Bg7 4. Bg2 c5 5. 0-0 Nc6 6. Nc3 e6 7. d3 Nge7 8. Bd2 b6 9. a3 Bb7 10. Rb1 Qd7 11. b4 0-0 12. Nb5 Rad8 13. Bc3 e5 14. Ba1 Nd4 15. Nbxd4 cxd4 16. Qb3 h6 17. Bb2 g5 18. b5 Ng6 19. a4 d5 20. Nd2 dxc4 21. Qxc4 Rc8 22. Qb3 Bxg2 23. Kxg2 Kh7 24. Rbc1 f5 25. Rxc8 Rxc8 26. Rc1 Rxc1 27. Bxc1 Ne7 28. Nc4 Nd5 29. Bd2 g4 30. h3 h5 31. hxg4 hxg4 32. Qd1 Kg6 33. Qh1 Qe6 34. Qc1 f4 35. Nb2 fxg3 36. Kxg3 Nf4 37. Qc6 Nxe2+ 38. Kg2 Kf7 39. Nc4 Qxc6+ 40. bxc6 Ke6 41. c7 Kd7 42. Nd6 Kxc7 43. Ne8+ Kc6 44. Nxg7 Nc3 45. Kf1 Nxa4 46. Ke2 a5 47. Nh5 Nc5 48. Nf6 a4 49. Bb4 Na6 50. Ba3 b5 51. Kd2 b4 52. Bc1 Nc5 53. Nxg4 e4 54. dxe4 Nxe4+ 55. Kc2 Kd5 56. f4 Nc5 57. f5 a3 58. Kb1 d3 59. Nf2 Ke5 60. Be3 Nd7 1/2-1/2